[Event "Zonal 3.3 2017"]
[Site "masterchessopen.com Tagaytay City PHI"]
[Date "2017.03.01"]
[Round "5.10"]
[White "Barcenilla,R"]
[Black "Miciano,John Marvin"]
[Result "1-0"]
[WhiteElo "2455"]
[BlackElo "2273"]

1.c4 g6 2.Nc3 Bg7 3.g3 c5 4.Bg2 Nc6 5.e4 d6 6.d3 e6 7.Nge2 Nge7 8.Be3 Nd4 9.a3
O-O 10.Rb1 a5 11.O-O Nec6 12.b3 Bd7 13.Qd2 Nxe2+ 14.Nxe2 Nd4 15.b4 axb4
16.axb4 Qc7 17.e5 dxe5 18.bxc5 Ra7 19.Nxd4 exd4 20.Bh6 Bxh6 21.Qxh6 Bc6
22.Bxc6 Qxc6 23.Qf4 Qxc5 24.Rb5 e5 25.Qe4 f5 26.Qe2 Qc7 27.Rxe5 Ra2 28.Qe1 Ra1
29.Qxa1 Qxe5 30.Re1 Qc5 31.Qb2 Rb8 32.Qe2 Qd6 33.Rb1 Kf8 34.Qf3 b6 35.Rb5 Rd8
36.Qb7 Rd7 37.Rxb6 Qe7 38.Qf3 Kg7 39.h4 Qe1+ 40.Kg2 Qd2 41.h5 Kh6 42.hxg6 hxg6
43.Qxf5 Rg7 44.Qh3+ Kg5 45.Qh4+ {#r} 1-0

[Event "Zonal 3.3 2017"]
[Site "masterchessopen.com Tagaytay City PHI"]
[Date "2017.03.01"]
[Round "5.11"]
[White "Garcia,Jan"]
[Black "Azarya,J"]
[Result "0-1"]
[WhiteElo "2444"]
[BlackElo "2336"]

1.d4 Nf6 2.c4 g6 3.Nf3 Bg7 4.g3 O-O 5.Bg2 d5 6.cxd5 Nxd5 7.O-O Nc6 8.Nc3 Nb6
9.d5 Na5 10.e4 c6 11.Bf4 cxd5 12.Nxd5 Nxd5 13.exd5 Bxb2 14.Rb1 Bg7 15.Rc1 b6
16.d6 exd6 17.Bxd6 Re8 18.Ng5 Qxg5 19.Bxa8 Ba6 20.Bd5 Bxf1 21.Kxf1 Rd8 22.Rc7
Kh8 23.Qf3 Bf6 24.Be7 Bxe7 25.Qxf7 Qxd5 26.Qxe7 Qh1+ 27.Ke2 Qd1+ 28.Ke3 Nc4+
29.Kf4 Rd4+ {#R} 0-1

[Event "Zonal 3.3 2017"]
[Site "masterchessopen.com Tagaytay City PHI"]
[Date "2017.03.01"]
[Round "5.12"]
[White "Pascua,H"]
[Black "Pacis,A"]
[Result "1-0"]
[WhiteElo "2440"]
[BlackElo "2124"]

1.d4 Nf6 2.c4 g6 3.Nc3 Bg7 4.e4 d6 5.f4 O-O 6.Nf3 c6 7.Be2 Na6 8.O-O e5 9.fxe5
dxe5 10.d5 Qb6+ 11.Kh1 cxd5 12.cxd5 Ng4 13.Qe1 f5 14.h3 fxe4 15.Nxe4 Bf5
16.Ng3 Nf6 17.Nxf5 gxf5 18.Bc4 Ne4 19.Ng5 Rae8 20.b3 Nxg5 21.Bxg5 Nc5 22.d6+
Kh8 23.Be7 Ne4 24.d7 Rd8 25.Bxf8 Rxf8 26.Rd1 Qd8 27.Be6 {#r} 1-0

[Event "Zonal 3.3 2017"]
[Site "masterchessopen.com Tagaytay City PHI"]
[Date "2017.03.01"]
[Round "5.13"]
[White "Jacutina,John Merill"]
[Black "Priasmoro,Novendra"]
[Result "0-1"]
[WhiteElo "2041"]
[BlackElo "2379"]

1.d4 Nf6 2.c4 g6 3.g3 Bg7 4.Bg2 O-O 5.Nc3 d6 6.Nf3 Nc6 7.O-O Bf5 8.b3 Ne4
9.Bb2 Nxc3 10.Bxc3 Be4 11.Nh4 Bxg2 12.Nxg2 d5 13.e3 e6 14.Qc2 a5 15.Rfd1 Ne7
16.e4 c6 17.f3 Qc7 18.Nf4 c5 19.Ne2 cxd4 20.Bxd4 e5 21.Bb2 dxe4 22.fxe4 Qc5+
23.Kg2 f5 24.Nc3 Nc6 25.Nd5 Nd4 26.Bxd4 exd4 27.Rab1 Rae8 28.exf5 Rxf5 29.Qd3
Rfe5 30.Rb2 Qc6 31.Rf2 Re3 32.Qf1 d3 33.Rdd2 b5 34.Qb1 Bd4 35.Qd1 bxc4 36.bxc4
R3e6 37.Qf3 Bxf2 38.Rxf2 Qxc4 39.Qf7+ Kh8 40.Nf6 Qc6+ 41.Kh3 R6e7 42.Qb3 Rf8
43.Qb2 Rg7 44.g4 Qe6 45.Qd4 d2 46.Nh5 Qe7 47.Nxg7 Rd8 48.Qb2 Qe3+ {#R} 0-1

[Event "Zonal 3.3 2017"]
[Site "masterchessopen.com Tagaytay City PHI"]
[Date "2017.03.01"]
[Round "5.14"]
[White "Garma,C"]
[Black "Goh Weiming"]
[Result "0-1"]
[WhiteElo "2336"]
[BlackElo "2457"]

1.e4 e6 2.d4 d5 3.Nd2 Be7 4.e5 c5 5.c3 Nc6 6.Ndf3 f6 7.Bd3 Nh6 8.Bxh6 gxh6
9.Qc1 fxe5 10.dxe5 Bg5 11.Qd1 Qc7 12.Nh3 Nxe5 13.Bb5+ Bd7 14.Bxd7+ Kxd7
15.Qa4+ Ke7 16.Nfxg5 hxg5 17.O-O g4 18.f4 gxf3 19.Rae1 Rag8 20.Qh4+ Kd7 21.g3
Kc8 22.Qf6 Nd3 23.Re3 Nxb2 24.Qxe6+ Kb8 25.Rexf3 Rd8 26.Rf7 Qb6 27.Qe5+ Ka8
28.Rb1 Nd3 29.Rxb6 Nxe5 30.Rbxb7 Nxf7 31.Rxf7 d4 32.cxd4 cxd4 33.Rf2 Rhe8
34.Nf4 Kb7 35.Rc2 Re1+ 36.Kf2 Re5 37.h4 Kb6 38.h5 Rd7 39.Rd2 Kb5 40.h6 Rd6
41.Kf3 Re3+ 42.Kf2 Kc4 43.Ne2 Rf6+ 44.Kg2 d3 45.Nf4 Rxf4 {#R} 0-1

[Event "Zonal 3.3 2017"]
[Site "masterchessopen.com Tagaytay City PHI"]
[Date "2017.03.01"]
[Round "5.15"]
[White "Nguyen Van Hai"]
[Black "Pangilinan,Stephen Rome"]
[Result "0-1"]
[WhiteElo "2353"]
[BlackElo "1982"]

1.d4 d5 2.Nf3 Nf6 3.c4 c6 4.e3 a6 5.Nbd2 Bf5 6.Nh4 Bg4 7.f3 Bh5 8.g4 Bg6 9.g5
Nfd7 10.Qb3 Ra7 11.f4 e6 12.Nxg6 hxg6 13.Bg2 dxc4 14.Nxc4 b5 15.Ne5 Nxe5
16.dxe5 c5 17.O-O c4 18.Qc2 Bc5 19.b3 Qb6 20.Qe4 c3 21.b4 Be7 22.Rb1 Rc7
23.Qc2 Rc4 24.a3 O-O 25.h4 Rd8 26.Rb3 Qc7 27.h5 gxh5 28.g6 Nd7 29.gxf7+ Kxf7
30.f5 Nxe5 31.fxe6+ Kg8 32.Rf4 Ng4 33.Bf3 Bg5 34.e7 Qxe7 35.Rxc4 Bxe3+ 36.Kg2
bxc4 37.Rxc3 Qg5 38.Kf1 Qf4 39.Qe2 Bxc1 40.Qe7 Rd1+ {#R} 0-1

[Event "Zonal 3.3 2017"]
[Site "masterchessopen.com Tagaytay City PHI"]
[Date "2017.03.02"]
[Round "6.1"]
[White "Dimakiling,O"]
[Black "Yeoh,L"]
[Result "0-1"]
[WhiteElo "2405"]
[BlackElo "2449"]

1.Nf3 Nf6 2.d4 d5 3.Bg5 e6 4.Nbd2 Be7 5.e3 O-O 6.Bd3 h6 7.Bh4 b6 8.Ne5 Bb7
9.O-O Ne4 10.Bxe7 Qxe7 11.Bxe4 dxe4 12.c3 Nd7 13.Nxd7 Qxd7 14.Qc2 Qc6 15.Rac1
e5 16.Rfd1 Rae8 17.Nf1 h5 18.c4 h4 19.d5 Qg6 20.Kh1 f5 21.Re1 c6 22.dxc6 Bxc6
23.h3 Rd8 24.b4 Rd3 25.b5 Bd7 26.c5 Bxb5 27.c6 Rc8 28.c7 Rd5 29.Nd2 Kh7 30.a4
Ba6 31.Nb3 Rd7 32.a5 Bd3 33.Qb2 Qd6 34.Rc3 Rdxc7 35.Rec1 b5 36.Kh2 b4 37.Rxc7
Rxc7 38.Qd2 Rxc1 39.Qxc1 Ba6 40.Nc5 Bb5 41.g4 hxg3+ 42.fxg3 Be2 43.g4 fxg4
44.Nxe4 g3+ 45.Nxg3 e4 46.Qc8 Bf3 47.Qf5+ Kh6 48.Qxf3 exf3 {#R} 0-1

[Event "Zonal 3.3 2017"]
[Site "masterchessopen.com Tagaytay City PHI"]
[Date "2017.03.02"]
[Round "6.2"]
[White "Nguyen Ngoc Truong Son"]
[Black "Nguyen Huynh Minh Huy"]
[Result "1-0"]
[WhiteElo "2629"]
[BlackElo "2433"]

1.d4 d5 2.c4 c6 3.Nf3 Nf6 4.Nc3 e6 5.e3 Nbd7 6.Qc2 Bd6 7.Bd3 dxc4 8.Bxc4 O-O
9.O-O b5 10.Be2 Qe7 11.Ng5 Bb7 12.Bf3 Rac8 13.g3 Bb8 14.b4 h6 15.Nge4 Qxb4
16.a4 Nxe4 17.Nxe4 c5 18.Ba3 Qxa4 19.Qxa4 bxa4 20.Nf6+ gxf6 21.Bxb7 Rc7 22.Ba6
Rd8 23.Rfd1 c4 24.d5 c3 25.dxe6 fxe6 26.Rac1 Kf7 27.Bb5 a6 28.Bxa4 Ba7 29.Kf1
a5 30.Rd6 c2 31.Ke2 Bb8 32.Rd3 Ba7 33.g4 Bb6 34.Rd6 Ba7 35.h3 Bb8 36.Rd3 Ba7
37.Rxc2 Rxc2+ 38.Bxc2 Bb6 39.Rd6 Bc7 40.Rc6 Bb8 41.Bb3 Nf8 42.f4 Kg7 43.Rb6
Bc7 44.Rb7 Rd7 45.Ba4 {#r} 1-0

[Event "Zonal 3.3 2017"]
[Site "masterchessopen.com Tagaytay City PHI"]
[Date "2017.03.02"]
[Round "6.3"]
[White "Sevillano,Rhenzi Kyle"]
[Black "Liu,Xiangyi"]
[Result "0-1"]
[WhiteElo "2037"]
[BlackElo "2443"]

1.Nf3 Nf6 2.b3 d6 3.d4 g6 4.Bb2 Bg7 5.Nbd2 O-O 6.e4 c5 7.dxc5 dxc5 8.Bd3 Nc6
9.O-O Qc7 10.Qe2 Rd8 11.Nc4 Nh5 12.Bxg7 Kxg7 13.Qe3 Bg4 14.Qxc5 Bxf3 15.gxf3
Nf4 16.Rfd1 Nh3+ 17.Kg2 Qf4 18.Qe3 Qh4 19.Bf1 e5 20.c3 b5 21.Nd6 b4 22.Bb5
bxc3 23.Bxc6 c2 24.Rdc1 Nf4+ 25.Kh1 Rxd6 26.Qc5 Qg5 27.Rg1 Rd1 {#R} 0-1

[Event "Zonal 3.3 2017"]
[Site "masterchessopen.com Tagaytay City PHI"]
[Date "2017.03.02"]
[Round "6.4"]
[White "Azarya,J"]
[Black "Megaranto,S"]
[Result "0-1"]
[WhiteElo "2336"]
[BlackElo "2527"]

1.e4 c6 2.d4 d5 3.Nc3 dxe4 4.Nxe4 Bf5 5.Ng3 Bg6 6.h4 h6 7.Nf3 Nd7 8.h5 Bh7
9.Bd3 Bxd3 10.Qxd3 e6 11.Bd2 Ngf6 12.O-O-O Qc7 13.Kb1 O-O-O 14.Qe2 Bd6 15.Ne4
Nxe4 16.Qxe4 Nf6 17.Qe2 Rhe8 18.c4 c5 19.Bc3 Qc6 20.Rde1 Re7 21.g3 Red7 22.Ba5
Re8 23.Ne5 Bxe5 24.dxe5 Ne4 25.Rd1 Ree7 26.Rxd7 Rxd7 27.Rd1 Nxf2 28.Rxd7 Qxd7
29.b3 Qd4 30.Bc3 Qe4+ 31.Qc2 Nd3 32.a4 Qf3 33.g4 Nf2 {#R} 0-1

[Event "Zonal 3.3 2017"]
[Site "masterchessopen.com Tagaytay City PHI"]
[Date "2017.03.02"]
[Round "6.5"]
[White "Antonio,R"]
[Black "Andyka,Pitra"]
[Result "0-1"]
[WhiteElo "2465"]
[BlackElo "2390"]

1.e4 c5 2.Nc3 a6 3.f4 b5 4.d4 cxd4 5.Qxd4 Nc6 6.Qf2 Bb7 7.Be3 Nf6 8.h3 e6 9.e5
b4 10.Bb6 bxc3 11.Bxd8 cxb2 12.Rb1 Ne4 13.Qh4 Bb4+ 14.c3 Bxc3+ 15.Kd1 Rxd8
16.Ne2 Nb4 17.a3 Bc6 18.Ng3 d6 19.Rxb2 Bxb2 20.axb4 dxe5+ 21.Kc2 Rd2+ 22.Kb3
Nd6 23.Bxa6 Bd5+ 24.Ka4 Bc3 25.Bb5+ Nxb5 26.Kxb5 Kd7 27.fxe5 Rb8+ {#R} 0-1

[Event "Zonal 3.3 2017"]
[Site "masterchessopen.com Tagaytay City PHI"]
[Date "2017.03.02"]
[Round "6.9"]
[White "Sadorra,J"]
[Black "Pangilinan,Stephen Rome"]
[Result "0-1"]
[WhiteElo "2596"]
[BlackElo "1982"]

1.d4 d5 2.c4 c6 3.Nf3 Nf6 4.Nc3 dxc4 5.a4 Bf5 6.Ne5 Nbd7 7.Nxc4 Qc7 8.g3 e5
9.dxe5 Nxe5 10.Bf4 Nfd7 11.Bg2 g5 12.Ne3 gxf4 13.Nxf5 fxg3 14.hxg3 O-O-O
15.Qc2 Nc5 16.b4 Ne6 17.Qe4 Ng5 18.Qe3 Bxb4 19.O-O Rhe8 20.Nb5 Nef3+ 21.exf3
Rxe3 22.Nxc7 Nxf3+ 23.Kh1 Red3 24.Rfb1 Bc3 25.Ne8 Bxa1 26.Bxf3 Rxf3 27.Nfd6+
Rxd6 28.Nxd6+ Kc7 29.Kg2 Ra3 30.Nxf7 Rxa4 31.Rh1 b5 32.Rxh7 b4 33.Ne5+ Kd6
34.Nd3 Bd4 35.Rh6+ Kd5 36.Nf4+ Kc5 37.Ne6+ Kc4 38.Nxd4 Kxd4 39.Rd6+ Kc5 40.Rd1
b3 41.f4 b2 42.Rb1 Rb4 43.Kf3 a5 {#R} 0-1

[Event "Zonal 3.3 2017"]
[Site "masterchessopen.com Tagaytay City PHI"]
[Date "2017.03.02"]
[Round "6.12"]
[White "Gomez,Joh"]
[Black "Lee,Jun Wei"]
[Result "1-0"]
[WhiteElo "2481"]
[BlackElo "2137"]

1.c4 c6 2.e4 d5 3.exd5 cxd5 4.cxd5 Nf6 5.Nc3 Nxd5 6.Nf3 e6 7.d4 Be7 8.Bd3 O-O
9.O-O Nd7 10.Re1 N7f6 11.Ne5 Bd7 12.Bg5 Rc8 13.Rc1 h6 14.Bd2 Bc6 15.Bb1 Qb6
16.Nxd5 Bxd5 17.Bc3 Rfd8 18.h4 Nd7 19.Qc2 Nf8 20.g3 Qc7 21.Qe2 Bd6 22.Ng4 Qe7
23.Ne3 Qf6 24.Nxd5 exd5 25.Kg2 Ne6 26.Qd3 g6 27.a3 Kg7 28.Re3 Re8 29.Rce1 Kg8
30.Ba2 Nc7 31.Rxe8+ Rxe8 32.Rxe8+ Nxe8 33.Bxd5 b6 34.Bd2 Nc7 35.Ba2 Bf8 36.Bf4
Ne6 37.Be5 Qe7 38.h5 gxh5 39.Bb1 f6 40.Bxf6 Qf7 41.Be5 Ng5 42.Ba2 {#r} 1-0

[Event "Zonal 3.3 2017"]
[Site "masterchessopen.com Tagaytay City PHI"]
[Date "2017.03.02"]
[Round "6.13"]
[White "Pacis,A"]
[Black "Nguyen,Anh Khoi"]
[Result "0-1"]
[WhiteElo "2124"]
[BlackElo "2459"]

1.e4 c5 2.Nf3 d6 3.Bc4 Nc6 4.O-O Nf6 5.Re1 Bg4 6.h3 Bh5 7.d3 e6 8.Bf4 Be7
9.Nbd2 a6 10.a4 Nd7 11.Ba2 Nde5 12.Re3 Nxf3+ 13.Nxf3 Nd4 14.g4 Bg6 15.c3 Nxf3+
16.Qxf3 h5 17.Kg2 Qd7 18.Ree1 Qc6 19.a5 hxg4 20.hxg4 O-O-O 21.b4 Bf6 22.bxc5
Bxc3 23.Rac1 Bxe1 24.cxd6 Bc3 25.Bc4 Bd4 26.Bb3 Rxd6 27.Rxc6+ Rxc6 28.Bd2 Rd8
29.Bb4 {#R} 0-1

[Event "Zonal 3.3 2017"]
[Site "masterchessopen.com Tagaytay City PHI"]
[Date "2017.03.03"]
[Round "7.2"]
[White "Liu,Xiangyi"]
[Black "Nguyen Ngoc Truong Son"]
[Result "0-1"]
[WhiteElo "2443"]
[BlackElo "2629"]

1.e4 e5 2.Nf3 Nc6 3.Bb5 a6 4.Bxc6 dxc6 5.O-O Qf6 6.d4 exd4 7.Bg5 Qd6 8.Qxd4
Qxd4 9.Nxd4 Bd7 10.Nc3 Ne7 11.Rad1 O-O-O 12.Rd2 f6 13.Be3 Ng6 14.Nb3 b6
15.Rdd1 Bb4 16.Ne2 Rhe8 17.a3 Bf8 18.Nd2 c5 19.Ng3 Ne5 20.h3 Bc6 21.Bf4 Ng6
22.Be3 Ne5 23.Bf4 b5 24.Be3 c4 25.Nb1 a5 26.Nc3 Rxd1 27.Rxd1 Rd8 28.Rxd8+ Kxd8
29.Nce2 Bd7 30.f4 Nf7 31.Nd4 c3 32.b4 axb4 33.axb4 Bxb4 34.Kf2 Be7 35.Nb3 b4
36.Nc5 Nd6 37.Nd3 Nc4 38.Nf5 Bxf5 39.exf5 Na3 40.Ne1 Nxc2 {#R} 0-1

[Event "Zonal 3.3 2017"]
[Site "masterchessopen.com Tagaytay City PHI"]
[Date "2017.03.03"]
[Round "7.4"]
[White "Dimakiling,O"]
[Black "Goh Weiming"]
[Result "1-0"]
[WhiteElo "2405"]
[BlackElo "2457"]

1.Nf3 Nf6 2.d4 d5 3.e3 e6 4.b3 c5 5.Bd3 Nc6 6.O-O Qc7 7.c4 cxd4 8.exd4 Be7
9.Nc3 O-O 10.Qe2 Rd8 11.Rd1 b6 12.Bg5 h6 13.Bh4 Ba6 14.Nb5 Qb7 15.a4 Nh5
16.Bxe7 Qxe7 17.Qe3 Rac8 18.Rac1 dxc4 19.bxc4 Qf6 20.g3 Bb7 21.Be2 a6 22.Nc3
Qe7 23.Rb1 Nb4 24.d5 Qc5 25.dxe6 Rxd1+ 26.Nxd1 Nf6 27.exf7+ Kxf7 28.Ne5+ Kg8
29.Qxc5 bxc5 30.Nc3 Rd8 31.Rb2 Rd4 32.a5 Bc6 33.f4 Be8 34.Kf2 g5 35.Ke3 Kf8
36.Rxb4 gxf4+ 37.gxf4 cxb4 38.Kxd4 bxc3 39.Kxc3 {#r} 1-0

[Event "Zonal 3.3 2017"]
[Site "masterchessopen.com Tagaytay City PHI"]
[Date "2017.03.03"]
[Round "7.10"]
[White "Nguyen,Anh Khoi"]
[Black "Nolte,R"]
[Result "1-0"]
[WhiteElo "2459"]
[BlackElo "2394"]

1.d4 Nf6 2.c4 e6 3.Nf3 c5 4.d5 exd5 5.cxd5 d6 6.Nc3 g6 7.Bf4 a6 8.Nd2 Nh5
9.Qa4+ b5 10.Nxb5 axb5 11.Qxa8 Nd7 12.Bg5 f6 13.Bh4 Nb6 14.Qa5 Bd7 15.e4 c4
16.b3 Bg7 17.bxc4 O-O 18.f3 Qb8 19.cxb5 f5 20.Rc1 fxe4 21.Nxe4 Nf4 22.Bf2
Nfxd5 23.Be2 Kh8 24.O-O Nf4 25.Rfe1 Nxe2+ 26.Rxe2 Nd5 27.Rd2 Nf4 28.Nxd6 Ne6
29.Qa7 Qxa7 30.Bxa7 Bh6 31.Rcd1 Bxd2 32.Rxd2 {#r} 1-0

[Event "Zonal 3.3 2017"]
[Site "masterchessopen.com Tagaytay City PHI"]
[Date "2017.03.03"]
[Round "7.12"]
[White "Nouri,Alekhine"]
[Black "Sadorra,J"]
[Result "0-1"]
[WhiteElo "1954"]
[BlackElo "2596"]

1.e4 e6 2.d4 d5 3.Nd2 c5 4.exd5 exd5 5.dxc5 Bxc5 6.Ngf3 Nc6 7.Nb3 Bb6 8.c3 Nf6
9.Bg5 Bxf2+ 10.Kxf2 Ne4+ 11.Kg1 Nxg5 12.Nxg5 Qxg5 13.Qd2 Qxd2 14.Nxd2 d4
15.cxd4 Nxd4 16.Nf3 Nxf3+ 17.gxf3 Be6 18.Kf2 Rd8 19.Bb5+ Ke7 20.Ke3 Rd5 21.Bd3
Re5+ 22.Kf2 Rd8 23.Be4 f5 24.Bxb7 Rd2+ 25.Kg3 g5 26.f4 Re3+ 27.Bf3 g4 28.Kh4
Rxf3 29.Kg5 Rh3 30.Rac1 Kf7 {#R} 0-1

[Event "Zonal 3.3 2017"]
[Site "masterchessopen.com Tagaytay City PHI"]
[Date "2017.03.03"]
[Round "7.13"]
[White "Dao Thien Hai"]
[Black "Miciano,John Marvin"]
[Result "1-0"]
[WhiteElo "2478"]
[BlackElo "2273"]

1.d4 Nf6 2.c4 e6 3.Nc3 Bb4 4.Qc2 O-O 5.a3 Bxc3+ 6.Qxc3 Ne4 7.Qc2 f5 8.Nh3 b6
9.f3 Nf6 10.e3 c5 11.b4 Qe7 12.dxc5 bxc5 13.Bd2 d6 14.Be2 e5 15.O-O Nc6 16.b5
Nd8 17.Nf2 Ne6 18.Rfe1 Bb7 19.a4 Nh5 20.a5 Rab8 21.a6 Ba8 22.Rad1 f4 23.Bd3 g6
24.Be4 Bxe4 25.Qxe4 Nf6 26.Qd3 fxe3 27.Bxe3 Rfd8 28.Nh3 Rd7 29.Ng5 Nc7 30.Qc2
Kg7 31.f4 Ng4 32.Bc1 Ne6 33.Nxe6+ Qxe6 34.h3 Nf6 35.Bb2 Rbd8 36.Rd3 Kg8
37.fxe5 d5 38.Qf2 dxc4 39.exf6 cxd3 40.Rxe6 d2 41.f7+ Rxf7 42.Re8+ Rxe8
43.Qxd2 Rfe7 44.Qd5+ Re6 45.b6 {#r} 1-0

[Event "Zonal 3.3 2017"]
[Site "masterchessopen.com Tagaytay City PHI"]
[Date "2017.03.04"]
[Round "8.4"]
[White "Andyka,Pitra"]
[Black "Liu,Xiangyi"]
[Result "0-1"]
[WhiteElo "2390"]
[BlackElo "2443"]

1.d4 Nf6 2.c4 g6 3.Nc3 d5 4.Bg5 Ne4 5.Bf4 Nxc3 6.bxc3 Bg7 7.Nf3 c5 8.e3 Nc6
9.cxd5 Qxd5 10.Be2 O-O 11.O-O Rd8 12.Qa4 Bf5 13.Rfd1 Rac8 14.Bc4 Bc2 15.Bxd5
Bxa4 16.Bb3 Bxb3 17.axb3 cxd4 18.cxd4 a6 19.h3 Nb4 20.Bg5 f6 21.Bh4 Rc3 22.Nd2
g5 23.Bg3 f5 24.Nc4 Nd5 25.Na5 b6 26.Nc4 a5 27.Rab1 a4 28.Na3 f4 29.exf4 gxf4
30.Bh4 Ra8 31.Nb5 a3 32.Bxe7 a2 33.Ra1 Rxb3 {#R} 0-1

[Event "Zonal 3.3 2017"]
[Site "masterchessopen.com Tagaytay City PHI"]
[Date "2017.03.04"]
[Round "8.5"]
[White "Sevillano,Rhenzi Kyle"]
[Black "Dimakiling,O"]
[Result "0-1"]
[WhiteElo "2037"]
[BlackElo "2405"]

1.d4 Nf6 2.c4 d6 3.Nc3 g6 4.e4 Bg7 5.f3 O-O 6.Be3 a6 7.Qd2 Nc6 8.Nge2 Na5
9.Nc1 e6 10.Bd3 Nd7 11.O-O c5 12.dxc5 dxc5 13.Nb3 Ne5 14.Nxa5 Qxd3 15.Qf2 Qd8
16.Nb3 b6 17.Rfd1 Qc7 18.Qe2 Bb7 19.a4 Rfd8 20.a5 Nc6 21.Na4 bxa5 22.Bxc5 Ne5
23.Rxd8+ Qxd8 24.Bb6 Qe7 25.Nxa5 Rc8 26.Rd1 h5 27.b3 Ba8 28.Qe3 f5 29.Bc5 Qc7
30.b4 fxe4 31.Nb6 Rd8 32.Rd4 Rxd4 33.Bxd4 Qd8 34.Nb3 Bb7 35.fxe4 Ng4 36.Qd2
Bh6 37.Qe2 Qd6 38.g3 Qxb4 39.Qd1 Ne3 40.Qb1 Bxe4 41.Bc5 Qc3 {#R} 0-1

[Event "Zonal 3.3 2017"]
[Site "masterchessopen.com Tagaytay City PHI"]
[Date "2017.03.04"]
[Round "8.7"]
[White "Sadorra,J"]
[Black "Garma,C"]
[Result "1-0"]
[WhiteElo "2596"]
[BlackElo "2336"]

1.d4 d5 2.c4 c6 3.cxd5 cxd5 4.Bf4 Nc6 5.e3 e6 6.Nc3 Bd6 7.Bxd6 Qxd6 8.Bd3 Nf6
9.f4 Bd7 10.a3 Rc8 11.Nf3 Ng4 12.Qe2 f5 13.Ne5 Ncxe5 14.fxe5 Qe7 15.O-O O-O
16.Rf3 a6 17.Raf1 b5 18.Na2 Rc7 19.Nb4 Ra8 20.Bxf5 exf5 21.Nxd5 Qd8 22.Nxc7
Qxc7 23.h3 Nh6 24.e4 Bc6 25.d5 Bb7 26.e6 Re8 27.Kh1 Qe5 28.Rxf5 Nxf5 29.Rxf5
Qg3 30.Qf1 h6 31.Rf7 Bc8 32.Qf5 a5 33.b4 a4 34.Kg1 h5 35.Qxh5 Qxa3 36.Rf1 {#r}
1-0

[Event "Zonal 3.3 2017"]
[Site "masterchessopen.com Tagaytay City PHI"]
[Date "2017.03.04"]
[Round "8.17"]
[White "Endrina,Julius"]
[Black "Jacutina,John Merill"]
[Result "0-1"]
[WhiteElo "1645"]
[BlackElo "2041"]

1.e4 c5 2.f3 Nc6 3.Ne2 d5 4.exd5 Qxd5 5.Nbc3 Qd8 6.Ng3 Nf6 7.a3 e6 8.Bc4 Be7
9.d3 O-O 10.Be3 b6 11.Qd2 Bb7 12.Nce4 Nd5 13.Bf2 Nd4 14.O-O f5 15.Bxd5 Qxd5
16.Nc3 Qc6 17.Bxd4 cxd4 18.Nce2 Rac8 19.Rac1 h6 20.Kh1 Bg5 21.Qb4 e5 22.Rcd1
Qxc2 23.f4 exf4 24.Rd2 Qc7 25.Nxd4 fxg3 26.Rc2 Qd7 27.Rxc8 Rxc8 28.hxg3 f4
29.Nf3 fxg3 30.Qb3+ Bd5 31.Qd1 Rc1 32.Qe2 Bxf3 33.Qxf3 Rxf1+ 34.Qxf1 Qe7 35.d4
Be3 36.Qc4+ Kh7 37.d5 Bf2 38.Qb4 Qe2 39.Qe4+ Qxe4 {#R} 0-1

[Event "Zonal 3.3 2017"]
[Site "masterchessopen.com Tagaytay City PHI"]
[Date "2017.03.05"]
[Round "9.8"]
[White "Pacis,A"]
[Black "Gomez,Joh"]
[Result "0-1"]
[WhiteElo "2124"]
[BlackElo "2481"]

1.e4 e6 2.d4 d5 3.Nc3 Nf6 4.Bg5 dxe4 5.Nxe4 Be7 6.Bxf6 Bxf6 7.Nf3 Nd7 8.Bd3 c5
9.Qe2 cxd4 10.O-O-O O-O 11.g4 g6 12.g5 Bg7 13.h4 Qa5 14.Kb1 b5 15.h5 Bb7
16.Nf6+ Bxf6 17.hxg6 hxg6 18.gxf6 Bd5 19.Rdg1 Qxa2+ 20.Kc1 Qa1+ 21.Kd2 Qa5+
22.Kc1 Qa1+ 23.Kd2 Qxb2 24.Bxg6 Qc3+ 25.Kc1 Qa3+ 26.Kd2 Qc3+ 27.Kc1 fxg6
28.Rxg6+ Kf7 29.Ne5+ Nxe5 30.Qxe5 Qa3+ 31.Kd2 Kxg6 32.Rg1+ Kf7 33.Rg7+ Ke8
34.Re7+ Qxe7 35.fxe7 Rxf2+ 36.Kd3 Rf7 37.Kxd4 Kxe7 38.Qc7+ Ke8 {#R} 0-1

[Event "Zonal 3.3 2017"]
[Site "masterchessopen.com Tagaytay City PHI"]
[Date "2017.03.05"]
[Round "9.10"]
[White "Laylo,D"]
[Black "Sevillano,Rhenzi Kyle"]
[Result "1-0"]
[WhiteElo "2445"]
[BlackElo "2037"]

1.d4 Nf6 2.c4 e6 3.Nf3 d5 4.Nc3 Be7 5.Bg5 b6 6.Qa4+ c6 7.cxd5 exd5 8.Ne5 Bb7
9.e3 Ne4 10.Bxe7 Nxc3 11.bxc3 Qxe7 12.Bd3 f6 13.Nf3 O-O 14.h4 Nd7 15.h5 Rfe8
16.Nh4 Nf8 17.Nf5 Qc7 18.c4 Bc8 19.cxd5 Bxf5 20.Bxf5 cxd5 21.Qb3 Qc4 22.Kd2 g6
23.hxg6 hxg6 24.Bd3 Qxb3 25.axb3 Re7 26.Rac1 Rd8 27.Rc6 Kf7 28.b4 Rdd7 29.Rc8
Kg7 30.Rhc1 Ne6 31.Ra8 Rd8 32.Rxd8 Nxd8 33.Rc8 Ne6 34.Rc6 Nf8 35.Bb5 Kf7
36.Rd6 Rc7 37.Rxd5 Ke7 38.Bd3 g5 39.g3 Ne6 40.f4 Rc8 41.Bb5 Rc7 42.f5 Nd8
43.e4 Nc6 44.Bxc6 Rxc6 45.b5 Rc8 46.e5 Rc7 47.Rd6 fxe5 48.dxe5 Rc5 49.f6+ Ke8
50.e6 {#r} 1-0

[Event "Zonal 3.3 2017"]
[Site "masterchessopen.com Tagaytay City PHI"]
[Date "2017.03.05"]
[Round "9.11"]
[White "Azarya,J"]
[Black "Tin,Jingyao"]
[Result "1-0"]
[WhiteElo "2336"]
[BlackElo "2436"]

1.e4 e5 2.Nf3 Nc6 3.Bb5 a6 4.Ba4 Nf6 5.d3 b5 6.Bb3 Bc5 7.Nc3 d6 8.Nd5 h6 9.c3
Rb8 10.O-O O-O 11.Be3 Nxd5 12.Bxd5 Ne7 13.Bb3 Ng6 14.d4 Bb6 15.a4 bxa4 16.Rxa4
Bg4 17.Bc4 exd4 18.cxd4 Qe8 19.Rxa6 Qxe4 20.Nd2 Bxd1 21.Nxe4 Bg4 22.Rfa1 Ne7
23.Nc3 Bc8 24.Ra8 Rxa8 25.Rxa8 Bb7 26.Rxf8+ Kxf8 27.b4 Nf5 28.Ne2 Ke7 29.Kf1
Kf6 30.h3 g5 31.g4 Nh4 32.Ng3 Bg2+ 33.Ke2 Nf3 34.Nf5 h5 35.Ng3 hxg4 36.hxg4
Bxd4 37.Ne4+ Kg6 38.Bd3 Bxe3 39.Nxd6+ Kf6 40.Ne4+ Ke5 {#r} 1-0

[Event "Zonal 3.3 2017"]
[Site "masterchessopen.com Tagaytay City PHI"]
[Date "2017.03.05"]
[Round "9.12"]
[White "Bersamina,Paulo"]
[Black "Priasmoro,Novendra"]
[Result "1-0"]
[WhiteElo "2409"]
[BlackElo "2379"]

1.e4 e5 2.Nf3 Nc6 3.d4 exd4 4.Bc4 Nf6 5.e5 d5 6.Bb5 Ne4 7.Nxd4 Bd7 8.Bxc6 bxc6
9.O-O Bc5 10.f3 Ng5 11.f4 Ne6 12.c3 Bb6 13.f5 Nxd4 14.cxd4 Qe7 15.Nc3 Qb4
16.Be3 g6 17.a3 Qxb2 18.Na4 Qb5 19.Rb1 Qa6 20.e6 fxe6 21.fxg6 O-O-O 22.g7 Rhg8
23.Bh6 e5 24.Nxb6+ axb6 25.dxe5 Qc4 26.Rb4 Qc3 27.Ra4 Kb8 28.Qe2 c5 29.Raf4
Be6 30.Rf6 Rde8 31.Qh5 Qd4+ 32.Kh1 Qa4 33.Rxe6 Rxe6 34.Rf8+ Re8 35.e6 Ka7
36.h3 d4 37.Qf7 d3 38.Qxg8 d2 39.Bxd2 Qd1+ 40.Kh2 Qxd2 41.Qf7 Qd6+ 42.Qf4
Qxf4+ 43.Rxf4 Rg8 44.e7 {#r} 1-0

[Event "Zonal 3.3 2017"]
[Site "masterchessopen.com Tagaytay City PHI"]
[Date "2017.03.05"]
[Round "9.13"]
[White "Garma,C"]
[Black "Garcia,Jan"]
[Result "0-1"]
[WhiteElo "2336"]
[BlackElo "2444"]

1.e4 c5 2.Nf3 g6 3.d4 cxd4 4.Qxd4 Nf6 5.e5 Nc6 6.Qa4 Nd5 7.Qe4 Ndb4 8.c3 d5
9.Qe2 Na6 10.Bf4 Bg7 11.Nbd2 Nc7 12.Nb3 Bg4 13.Qe3 Bxf3 14.gxf3 Ne6 15.Bg3 h5
16.h4 d4 17.Qe4 dxc3 18.bxc3 Nc7 19.Rd1 Qc8 20.Bc4 e6 21.Nd4 Nxd4 22.cxd4 O-O
23.Bf4 b5 24.Bb3 a5 25.a3 Qd7 26.Rc1 a4 27.Ba2 Nd5 28.Bd2 Rfc8 29.O-O Bf8
30.Qd3 Rd8 31.Bg5 Rdc8 32.Bd2 Be7 33.f4 Rd8 34.Qf3 Ra6 35.Kh1 Bf8 36.f5 exf5
37.Bg5 Be7 38.Bxe7 Nxe7 39.d5 Kh7 40.d6 Nc6 41.Rfe1 Nxe5 42.Rxe5 Rxd6 43.Rce1
Rd3 44.Qg2 Rd4 45.Re7 Rxh4+ 46.Kg1 Qxe7 {#R} 0-1

[Event "Zonal 3.3 2017"]
[Site "masterchessopen.com Tagaytay City PHI"]
[Date "2017.03.05"]
[Round "9.14"]
[White "Miciano,John Marvin"]
[Black "Nguyen Van Hai"]
[Result "1-0"]
[WhiteElo "2273"]
[BlackElo "2353"]

1.e4 e6 2.d4 d5 3.Nc3 Bb4 4.e5 c5 5.a3 Bxc3+ 6.bxc3 Qc7 7.Nf3 Ne7 8.h4 Bd7
9.a4 Nbc6 10.Qd2 b6 11.h5 h6 12.Bd3 Na5 13.Kf1 c4 14.Be2 O-O-O 15.Ba3 Bc6
16.g4 Kb7 17.Qf4 Nc8 18.g5 Bxa4 19.Ra2 Be8 20.Rg1 hxg5 21.Nxg5 Rd7 22.Nh3 Rh7
23.Bf8 f6 24.exf6 gxf6 25.Qxc7+ Kxc7 26.h6 Ne7 27.Nf4 Kd6 28.Bh5 Bxh5 29.Nxh5
Rd8 30.Rg7 Rxf8 31.Rxh7 Nac6 32.Ra1 e5 33.dxe5+ fxe5 34.Ng3 Ke6 35.Kg2 Ng6
36.Rh1 Nce7 37.Rg7 Kf6 38.Nh5+ Kg5 39.h7 Kh6 40.Rxe7 Nxe7 41.Nf4+ {#r} 1-0